| Tag |
First Indicator |
Second Indicator |
Subfields |
| LEADER |
00000cam a2200000 4500 |
| 001 |
in00001976513 |
| 006 |
m | d | |
| 007 |
cr |n||||||||n |
| 008 |
810807s1780 enk|||| s 00| ||eng d |
| 005 |
20260414175612.0 |
| 035 |
|
|
|a (CStRLIN)ESTCT130347
|
| 040 |
|
|
|a Uk-ES
|c Uk-ES
|d CStRLIN
|d Thomson Gale
|d UtOrBLW
|
| 100 |
1 |
|
|a Lardner, Nathaniel,
|d 1684-1768.
|
| 245 |
1 |
4 |
|a The historie of the heretics of the two first centuries after Christ :
|b ... To which are prefixed, general observations concerning heretics. Published from the manuscript of ... Nathaniel Lardner, D.D. With large additions, by John Hogg.
|
| 264 |
|
3 |
|a London :
|b printed for J. Johnson,
|c 1780.
|
| 300 |
|
|
|a xvi, 2 unnumbered pages, 448p. ;
|c 4⁰.
|
| 336 |
|
|
|a text
|b txt
|2 rdacontent
|
| 337 |
|
|
|a computer
|b c
|2 rdamedia
|
| 338 |
|
|
|a online resource
|b cr
|2 rdacarrier
|
| 500 |
|
|
|a Reproduction of original from the British Library.
|
| 510 |
4 |
|
|a English Short Title Catalog,
|c ESTCT130347.
|
| 533 |
|
|
|a Electronic reproduction.
|b Farmington Hills, Mich. :
|c Thomson Gale,
|d 2003.
|n Available via the World Wide Web.
|n Access limited by licensing agreements
|7 s2003 miunns
|
| 500 |
|
|
|a Electronic resource.
|
| 830 |
|
0 |
|a Eighteenth century collections online.
|
| 856 |
4 |
0 |
|u http://proxy.library.tamu.edu/login?url=https://galenet.galegroup.com/servlet/ECCO?c=1&stp=Author&ste=11&af=BN&ae=T130347&tiPG=1&dd=0&dc=flc&docNum=CW121320789&vrsn=1.0&srchtp=a&d4=0.33&n=10&SU=0LRF&locID=txshracd2898
|z Full text online
|t 0
|
| 999 |
|
|
|a MARS
|
| 999 |
f |
f |
|s 6eeceff4-f5e3-3773-ad09-24589e2fce57
|i a055dace-8a5c-337d-ba16-22e950a096fa
|t 0
|
| 952 |
f |
f |
|a Texas A&M University
|b College Station
|c Electronic Resources
|s www_evans
|d Available Online
|t 0
|h No information provided
|
| 998 |
f |
f |
|t 0
|l Available Online
|